ਸ਼ੇਰਾਂ ਦੀ ਆਵਾਜ਼ : (Record no. 109953)

MARC details
000 -LEADER
fixed length control field 01045nam a22002537a 4500
005 - DATE AND TIME OF LATEST TRANSACTION
control field 20170123164145.0
010 ## - LIBRARY OF CONGRESS CONTROL NUMBER
LC control number B-095361
020 ## - INTERNATIONAL STANDARD BOOK NUMBER
Terms of availability 125.00
International Standard Book Number 8182990173
035 ## - SYSTEM CONTROL NUMBER
System control number B-095361
037 ## - SOURCE OF ACQUISITION
Source of stock number/acquisition Cen Lib/Ret
040 ## - CATALOGING SOURCE
Original cataloging agency DPL
Language of cataloging PN
082 ## - DEWEY DECIMAL CLASSIFICATION NUMBER
Classification number
Item number ਧੀਰਸੰ
100 ## - MAIN ENTRY--PERSONAL NAME
Personal name ਧੀਰ , ਸੰਥੋਖ ਸਿੰਘ
9 (RLIN) 5807
245 ## - TITLE STATEMENT
Title ਸ਼ੇਰਾਂ ਦੀ ਆਵਾਜ਼ :
Statement of responsibility, etc ਸੰਥੋਖ ਸਿੰਘ ਧੀਰ
Remainder of title ਸ਼ਿਖ- ਇਤਿਹਾਸ ਦੀਆਂ ਕਹਾਣੀਆਂ /
246 ## - VARYING FORM OF TITLE
Title proper/short title Sheran di awaaz : a collection of stories of sikh history /
Remainder of title by Santokh Singh Dhir
260 ## - PUBLICATION, DISTRIBUTION, ETC. (IMPRINT)
Place of publication, distribution, etc ਦਿੱਲੀ
Name of publisher, distributor, etc ਆਰਸੀ ਪਬਲਿਸ਼ਰਜ਼
Date of publication, distribution, etc 2004
270 ## - ADDRESS
Address ਚਾਂਦਨੀ ਚੈਕ
City ਦਿੱਲੀ
Postal code 110006
300 ## - PHYSICAL DESCRIPTION
Extent 111p ;
Dimensions 20cm
650 ## - SUBJECT ADDED ENTRY--TOPICAL TERM
Topical term or geographic name as entry element ਪੰਜਾਬੀ --ਸਾਹਿਤ
9 (RLIN) 122075
650 ## - SUBJECT ADDED ENTRY--TOPICAL TERM
Topical term or geographic name as entry element ਪੰਜਾਬੀ-- ਕਹਾਣੀਆਂ
9 (RLIN) 122076
650 ## - SUBJECT ADDED ENTRY--TOPICAL TERM
Topical term or geographic name as entry element literature--Punjabi
9 (RLIN) 114104
650 ## - SUBJECT ADDED ENTRY--TOPICAL TERM
Topical term or geographic name as entry element Punjabi - story
9 (RLIN) 116063
942 ## - ADDED ENTRY ELEMENTS (KOHA)
Source of classification or shelving scheme Dewey Decimal Classification
Koha item type Punjabi Bks
Classification part
Call number suffix ਧੀਰਸੰ
Holdings
Withdrawn status Lost status Damaged status Not for loan Home library Current library Date acquired Source of acquisition Cost, normal purchase price Total Checkouts Full call number Barcode Date last seen Copy number Cost, replacement price Price effective from Koha item type
        Central Library Central Library 11/01/2016 Cen Lib/Ret 1250.00   ਕ ਧੀਰਸੰ B-095361 11/01/2016 1 125.00 11/01/2016 Punjabi Bks

© Delhi Public Library
Hit Counter
free hit counter